Thunder - Imagine Dragons (All lyrics) - Statistics

General Stats
  • This quiz has been taken 257 times
  • The average score is 177 of 228
Answer Stats
Lyrics % Correct
thunder
97%
Thunder
97%
a
96%
the
95%
I
93%
lightning
91%
Lightning
91%
you
86%
You
86%
was
81%
then
79%
feel
74%
Just
73%
before
70%
In
70%
in
70%
my
70%
young
70%
and
69%
Who
69%
big
68%
with
68%
dreaming
65%
Dreaming
65%
quick
64%
are
63%
Not
62%
not
62%
do
60%
let
60%
of
60%
wanna
60%
Wanna
60%
Yes
60%
behind
59%
loose
59%
life
58%
gun
57%
bigger
56%
follower
56%
leave
55%
sir
55%
fuse
54%
things
53%
think
53%
were
51%
star
49%
being
48%
number
48%
for
47%
take
47%
uptight
47%
about
46%
laughing
46%
You're
42%
I'm
40%
Kids
39%
say
39%
While
39%
while
39%
box
38%
classes
37%
nosebleeds
37%
They
37%
they
37%
masses
36%
stage
36%
clapping
35%
easy
34%
Fit
34%
fit
34%
own
34%
basic
32%
foyer
32%
from
31%
have
31%
Now
30%
scheming
30%
seat
30%
smiling
30%
backseat
27%
mold
27%
always
26%
riding
24%
No matching quizzes found
Score Distribution
Percent of People with Each Score
Percentile by Number Answered
Your Score History
You have not taken this quiz